Mousquetaires ou néo-mousquetaires - Statistiques

Statistiques générales
  • Ce quiz a été pris 26 fois
    25 depuis la dernière actualisation
  • Le résultat moyen est 8 sur 15
Statistiques - réponses
Question Réponse % Correct
Ont remporté la Coupe Davis Les deux
93%
Ont remporté 41 titres du Grand-Chelem (simple et doubles) à eux quatre Mousquetaires
86%
Sont entrés au Hall of Fame Mousquetaires
79%
Sont contemporains du Big Four Néo-mousquetaires
79%
Ont connu Suzanne Lenglen Mousquetaires
71%
Ont remporté le Paris Bercy Masters Néo-mousquetaires
71%
Ont disputé un Grand Chelem sur dur extérieur Néo-mousquetaires
64%
Ont remporté une rencontre de Coupe Davis contre les Pays-Bas Les deux
57%
Ont perdu 60 matchs et gagné 8 contre un seul joueur Néo-mousquetaires
57%
Ont atteint la première place du classement ATP Aucun
43%
Ont disputé un Grand Chelem sur terre battue américaine Aucun
43%
Ont moins de 4 ans d'écart Néo-mousquetaires
43%
Ont atteint la finale de l'Open de Monte-Carlo Les deux
29%
Ont tous reçu une carrière professionnelle de plus de 20 ans Aucun
14%
Ont remporté plusieurs médailles olympiques Les deux
14%
Aucun quiz correspondant
Distribution des résultats
% des personnes avec chaque résultat
Percentile par nombre de réponses
Votre historique - résultats
Vous n’avez pas pris ce quiz depuis la dernière actualisation